| 000 | 00900nam a22002777a 4500 | ||
|---|---|---|---|
| 001 | BR9104044 | ||
| 003 | BR-BrBNA | ||
| 005 | 20230928093634.0 | ||
| 007 | ta | ||
| 008 | 230509b bl.||||| |||| 00| 0 por d | ||
| 040 |
_aBR-BrBNA _bpor _cBiblioteca Nacional de Agricultura |
||
| 041 | _a(Por) | ||
| 072 |
_aM11 _b/G514 |
||
| 090 | _ M11 BR9104044 | ||
| 100 | 1 | _aBarroso, L.V. | |
| 110 | 1 |
_aInstituto Brasileiro do Meio Ambiente e dos Recursos Naturais Renovaveis, Rio de Janeiro, RJ (Brasil) _95917 |
|
| 245 | 1 | _aDiagnostico ambiental para a pesca de aguas interiores no Estado do Rio de Janeiro | |
| 260 | 3 |
_aRio de Janeiro, RJ (Brasil): _c1989. |
|
| 300 | _a177 p. | ||
| 500 | _aBibliography p. 151-164 (152 ref.); Summaries (Eng, Por); 43 illus. | ||
| 650 | _aPESCA | ||
| 650 | _aAGUAS INTERIORES | ||
| 650 | _aRIO DE JANEIRO | ||
| 909 |
_a202309 _bLucia _c55 _dLucia Elande |
||
| 942 | _cBK | ||
| 999 |
_c46179 _d46179 |
||